Ethics, politics, and social research / (Record no. 31358)
[ view plain ]
| 000 -LEADER | |
|---|---|
| fixed length control field | 00920nam a2200277 a 4500 |
| 001 - CONTROL NUMBER | |
| control field | 31358 |
| 003 - CONTROL NUMBER IDENTIFIER | |
| rucl marc code | BD-RjUL |
| 005 - DATE AND TIME OF LATEST TRANSACTION | |
| control field | 20211209051706.0 |
| 008 - FIXED-LENGTH DATA ELEMENTS--GENERAL INFORMATION | |
| fixed length control field | 140415s1969 enkk b 000 0 eng d |
| 020 ## - INTERNATIONAL STANDARD BOOK NUMBER | |
| International Standard Book Number | 0710063032 |
| 035 ## - SYSTEM CONTROL NUMBER | |
| System control number | (BD-RjUL)31445 |
| 040 ## - CATALOGING SOURCE | |
| Original cataloging agency | DLC |
| Transcribing agency | DLC |
| Modifying agency | BD-RjUL |
| Language of cataloging | eng |
| 041 ## - LANGUAGE CODE | |
| Language code of text/sound track or separate title | eng |
| 082 00 - DEWEY DECIMAL CLASSIFICATION NUMBER | |
| Classification number | 300.72 |
| Author mark and year | ETH 1969 |
| 245 00 - TITLE STATEMENT | |
| Title | Ethics, politics, and social research / |
| Statement of responsibility, etc. | edited by Gideon Sjoberg. |
| 260 ## - PUBLICATION, DISTRIBUTION, ETC. (IMPRINT) | |
| Place of publication, distribution, etc. | London : |
| Name of publisher, distributor, etc. | Routledge & Kegan Paul, |
| Date of publication, distribution, etc. | 1969 |
| 300 ## - PHYSICAL DESCRIPTION | |
| Pagination | xvii, 358 p. ; |
| Size | 23 cm. |
| 500 ## - GENERAL NOTE | |
| General note | First published: Cambridge, Mass. : Schenkman, 1967. |
| 504 ## - BIBLIOGRAPHY, ETC. NOTE | |
| Bibliography, etc | Includes bibliographies. |
| 650 #0 - SUBJECT ADDED ENTRY--TOPICAL TERM | |
| Topical term or geographic name as entry element | Social sciences |
| General subdivision | Research |
| Geographic subdivision | United States. |
| 9 (RLIN) | 95425 |
| Topical term or geographic name as entry element | Social scientists |
| General subdivision | Professional ethics |
| Geographic subdivision | United States. |
| 9 (RLIN) | 95426 |
| Topical term or geographic name as entry element | Social sciences and state |
| Geographic subdivision | United States. |
| 9 (RLIN) | 95427 |
| 700 1# - ADDED ENTRY--PERSONAL NAME | |
| Personal name | Sjoberg, Gideon, ed. |
| 942 ## - ADDED ENTRY ELEMENTS (KOHA) | |
| Source of classification or shelving scheme | Dewey Decimal Classification |
| Koha item type | Books |
| Lost status | Source of classification or shelving scheme | Damaged status | Not for loan | Collection code | Permanent Location | Current Location | Shelving location | Date acquired | Source of acquisition | Cost, normal purchase price | Total Checkouts | Full call number | Date last seen | Copy number | Koha item type |
|---|---|---|---|---|---|---|---|---|---|---|---|---|---|---|---|
| Dewey Decimal Classification | Not For Loan | Non-fiction | Central Library, University of Rajshahi | Central Library, University of Rajshahi | Reading Room | 07/08/1973 | Paramount Book | 50.00 | 300.72 ETH 1969 | 15/04/2014 | C-1 | Books |